<?xml version="1.0" encoding="UTF-8"?>
<collection xmlns="http://www.loc.gov/MARC21/slim">
 <record>
  <leader>01987nam a2200229Ia 4500</leader>
  <controlfield tag="001">CTU_22486</controlfield>
  <controlfield tag="008">210402s9999    xx            000 0 und d</controlfield>
  <datafield tag="020" ind1=" " ind2=" ">
   <subfield code="c">8000</subfield>
  </datafield>
  <datafield tag="082" ind1=" " ind2=" ">
   <subfield code="a">363.739</subfield>
  </datafield>
  <datafield tag="082" ind1=" " ind2=" ">
   <subfield code="b">Kh401</subfield>
  </datafield>
  <datafield tag="100" ind1=" " ind2=" ">
   <subfield code="a">Lê, Văn Khoa</subfield>
  </datafield>
  <datafield tag="245" ind1=" " ind2="0">
   <subfield code="a">Môi trường và ô nhiễm</subfield>
  </datafield>
  <datafield tag="245" ind1=" " ind2="0">
   <subfield code="c">Lê Văn Khoa</subfield>
  </datafield>
  <datafield tag="260" ind1=" " ind2=" ">
   <subfield code="a">Hà Nội</subfield>
  </datafield>
  <datafield tag="260" ind1=" " ind2=" ">
   <subfield code="b">Giáo Dục</subfield>
  </datafield>
  <datafield tag="260" ind1=" " ind2=" ">
   <subfield code="c">1995</subfield>
  </datafield>
  <datafield tag="520" ind1=" " ind2=" ">
   <subfield code="a">Sách cung cấp những thông tin cơ bản nhất về vấn đề môi trường và ô nhiễm. Việt Nam tuy mới bước vào con đường phát triển kinh tế, nhưng đã phải đối mặt với nhiều vấn đề môi trường ngiêm trọng. Ô nhiễm môi trường ở một số vùng đã tác động xấu đến sức khỏe nhân dân và gây ra nhiều tai biến, làm giảm nhanh chóng những loài động vật và thực vật quý hiếm. Ngoài ra sự đô thị hóa với tốc độ cao, đã và đang làm nảy sinh những vấn đề trong việc cung cấp lương thực, thức ăn, nước uống, vệ sinh môi trường. Sách trình bày một cách tổng hợp có chọn lọc những suy nghĩ, những dẫn liệu mới của nhiều tác giả trong và ngoài nước, trong đó có phần liên hệ đến hoàn cảnh đất nước Việt Nam, hầu nâng cao nhận thức của mọi người về vấn đề &quot;Bảo vệ môi trường&quot;</subfield>
  </datafield>
  <datafield tag="526" ind1=" " ind2=" ">
   <subfield code="a">Môi trường và sự phát triển đô thị,Suy thoái và bảo tồn môi trường đất</subfield>
  </datafield>
  <datafield tag="526" ind1=" " ind2=" ">
   <subfield code="b">MT641,MT609</subfield>
  </datafield>
  <datafield tag="650" ind1=" " ind2=" ">
   <subfield code="a">air - pollution,environmental protection,pollution,soil pollution,water - pollution</subfield>
  </datafield>
  <datafield tag="904" ind1=" " ind2=" ">
   <subfield code="i">Minh, 980506</subfield>
  </datafield>
  <datafield tag="980" ind1=" " ind2=" ">
   <subfield code="a">Trung tâm Học liệu Trường Đại học Cần Thơ</subfield>
  </datafield>
 </record>
</collection>
